[Event "AUTO-OPEN-2240"]
[Site "http://www.queenalice.com/game.php?id=890819"]
[Date "2011.1.25"]
[Round "1"]
[White "Amethystium"]
[Black "Nascimento"]
[Result "1-0"]
[WhiteElo "1835"]
[BlackElo "1358"]

1. e4 e5 2. Nf3 Nc6 3. d4 exd4 4. Nxd4 d5 5. Nxc6 bxc6 6. e5 Bc5 7. Nc3 Be6 8.
Bf4 f6 9. Qd2 f5 10. Be2 Qh4 11. g3 Qh3 12. Bf3 Nh6 13. O-O-O O-O 14. Na4 Ng4
15. Nxc5 Bf7 16. e6 Bh5 17. Bxc7 g6 18. e7 Rf7 19. Rhe1 Re8 20. Bd6 Nxh2 21.
Bxh5 Rf6 22. Be5 gxh5 23. Bxf6 Nf3 24. Qh6 Qg4 25. Ne6 Nxe1 26. Qf8+ Rxf8 27.
exf8=R# 1-0

[Event "AUTO-OPEN-2240"]
[Site "http://www.queenalice.com/game.php?id=890820"]
[Date "2011.1.25"]
[Round "1"]
[White "Nascimento"]
[Black "franchouillard"]
[Result "0-1"]
[WhiteElo "1387"]
[BlackElo "2086"]

1. e4 c5 2. Bc4 g6 3. d4 Bg7 4. Ne2 cxd4 5. Qxd4 Bxd4 6. Nxd4 e6 7. Bf4 Qh4 8.
g3 Qe7 9. Nd2 e5 10. Nb5 d5 11. Bxd5 exf4 12. gxf4 Nf6 13. Nc4 Qb4+ 0-1

[Event "AUTO-OPEN-2240"]
[Site "http://www.queenalice.com/game.php?id=890821"]
[Date "2011.1.25"]
[Round "1"]
[White "franchouillard"]
[Black "Nascimento"]
[Result "1-0"]
[WhiteElo "2088"]
[BlackElo "1356"]

1. e4 e5 2. Nf3 Nc6 3. d4 d6 4. dxe5 Nxe5 5. Nxe5 dxe5 6. Qxd8+ Kxd8 7. Bc4 Be6
8. Bxe6 fxe6 9. Bg5+ Be7 10. Bxe7+ Nxe7 11. Nc3 Rf8 12. O-O-O+ Ke8 13. Nb5 Rxf2
14. Nxc7+ Kf7 15. Nxa8 Rxg2 16. Rhf1+ Kg6 17. Rg1 Rxg1 18. Rxg1+ Kh6 19. Nc7 g5
20. Nxe6 b5 21. Nxg5 a5 22. Nf7+ Kh5 23. Rg5+ Kh4 24. Rxe5 Ng6 25. Rxb5 1-0

[Event "AUTO-INT-1933"]
[Site "http://www.queenalice.com/game.php?id=890907"]
[Date "2011.1.25"]
[Round "1"]
[White "hooligan"]
[Black "Nascimento"]
[Result "1-0"]
[WhiteElo "1523"]
[BlackElo "1361"]

1. e4 e5 2. d3 d5 3. c3 d4 4. cxd4 Qxd4 5. Nf3 Qb4+ 6. Nc3 Bg4 7. Bd2 Qxb2 8.
Rb1 Qa3 9. Nb5 Bxf3 10. Qxf3 Na6 11. Nxa3 Bxa3 12. d4 exd4 13. Bb5+ c6 14. Bxa6
bxa6 15. Rb7 Nh6 16. Qxa3 1-0

[Event "AUTO-INT-1933"]
[Site "http://www.queenalice.com/game.php?id=890908"]
[Date "2011.1.25"]
[Round "1"]
[White "Nascimento"]
[Black "hooligan"]
[Result "1-0"]
[WhiteElo "1415"]
[BlackElo "1533"]

1. d4 d5 2. Bf4 Nf6 3. e3 e6 4. Nc3 a6 5. Bd3 e5 6. dxe5 Ng8 7. e4 d4 8. Nd5 c6
9. e6 fxe6 10. Nc7+ Ke7 11. Nxa8 Nd7 12. e5 Nc5 13. Nh3 b5 14. Bg5+ Nf6 15. Qf3
Kd7 16. exf6 Qa5+ 17. c3 Nb3 18. fxg7 Bxg7 19. Rd1 Qxa2 20. Qf7+ Kd6 21. Qc7+
Kc5 22. Be7+ Kd5 23. Qd6# 1-0

[Event "AUTO-INT-1933"]
[Site "http://www.queenalice.com/game.php?id=890922"]
[Date "2011.1.25"]
[Round "1"]
[White "JonathanSouza"]
[Black "Nascimento"]
[Result "1-0"]
[WhiteElo "1315"]
[BlackElo "1401"]

1. e4 e5 2. Nf3 Nc6 3. c3 Bc5 4. Bc4 d6 5. d4 exd4 6. cxd4 Nxd4 7. Nfd2 Nh6 8.
Nf3 Bg4 9. h3 Bxf3 10. gxf3 Qh4 11. f4 Nb3 12. Qxb3 Ng4 13. hxg4 Qxh1+ 14. Bf1
Qxe4+ 15. Be3 a5 16. Nc3 1-0

[Event "AUTO-INT-1933"]
[Site "http://www.queenalice.com/game.php?id=890923"]
[Date "2011.1.25"]
[Round "1"]
[White "Nascimento"]
[Black "MC"]
[Result "0-1"]
[WhiteElo "1369"]
[BlackElo "1651"]

1. e4 d6 2. d4 h5 3. Nc3 Nf6 4. d5 a6 5. Bg5 b5 6. h3 c6 7. Bxf6 gxf6 8. f4 Qa5
9. a3 cxd5 10. exd5 Bh6 11. Qxh5 b4 12. Nb1 bxa3+ 13. c3 e6 14. Bd3 Qxd5 15. Bg6
Qxg2 16. Bxf7+ Ke7 17. Nxa3 Qxh1 18. O-O-O Bxf4+ 19. Kb1 Rxh5 20. Bxh5 Nc6 21.
Bf3 Qh2 22. Bxc6 Rb8 23. b4 a5 24. b5 e5 0-1

[Event "AUTO-INT-1933"]
[Site "http://www.queenalice.com/game.php?id=890924"]
[Date "2011.1.25"]
[Round "1"]
[White "MC"]
[Black "Nascimento"]
[Result "1-0"]
[WhiteElo "1683"]
[BlackElo "1351"]

1. d4 d5 2. Be3 Bf5 3. Nc3 Nc6 4. a3 e6 5. Bf4 Bd6 6. g3 Nf6 7. b4 O-O 8. Nf3 h6
9. b5 Na5 10. e3 Ne4 11. Nxe4 dxe4 12. Ne5 f6 13. Nc4 Nxc4 14. Bxc4 a6 15. d5
Bxf4 16. gxf4 axb5 17. Bb3 e5 18. fxe5 fxe5 19. Rg1 g5 20. h4 g4 21. Rg3 Ra5 22.
Rxg4+ Kf7 23. d6+ Be6 24. f3 cxd6 25. fxe4 Ke8 26. Bxe6 h5 27. Rg5 Qf6 28. Bf5
d5 29. Qxd5 Qe7 30. Bg6+ Rf7 31. Bxh5 Qf6 32. Bxf7+ 1-0

[Event "AUTO-INT-1937"]
[Site "http://www.queenalice.com/game.php?id=892550"]
[Date "2011.1.28"]
[Round "1"]
[White "Nascimento"]
[Black "lorddrago"]
[Result "0-1"]
[WhiteElo "1381"]
[BlackElo "1699"]

1. d4 e6 2. d5 exd5 3. Qxd5 Nf6 4. Qe5+ Be7 5. Bg5 O-O 6. e4 Nc6 7. Qg3 Nxe4 8.
Qg4 d5 9. Bxe7 Qxe7 10. Qe2 Re8 11. Nc3 Nd4 12. Nxd5 Qc5 13. Qh5 Nf6+ 0-1

[Event "AUTO-INT-1937"]
[Site "http://www.queenalice.com/game.php?id=892551"]
[Date "2011.1.28"]
[Round "1"]
[White "lorddrago"]
[Black "Nascimento"]
[Result "1-0"]
[WhiteElo "1662"]
[BlackElo "1382"]

1. e4 e5 2. Nf3 Nc6 3. Bb5 Bd6 4. O-O Nd4 5. Nxd4 exd4 6. Re1 Be5 7. c3 Qh4 8.
g3 Bxg3 9. fxg3 Qh3 10. Qb3 Nf6 11. cxd4 Ng4 12. Re2 b6 13. Bc4 O-O 14. Qf3 d6
15. Nc3 a6 16. Nd5 b5 17. Bb3 c5 18. dxc5 dxc5 19. Ne3 Nxe3 20. Qxe3 Bg4 21. Rf2
c4 22. Bc2 f6 23. d4 cxd3 24. Bxd3 Rad8 25. b3 h5 26. Be2 Bxe2 27. Qxe2 g6 28.
Bb2 Rde8 29. Bxf6 Rf7 30. e5 Qe6 31. Raf1 1-0

[Event "AUTO-INT-1937"]
[Site "http://www.queenalice.com/game.php?id=892553"]
[Date "2011.1.28"]
[Round "1"]
[White "LEOKnopp"]
[Black "Nascimento"]
[Result "1-0"]
[WhiteElo "1501"]
[BlackElo "1436"]

1. e4 e5 2. Nf3 d5 3. d4 Bg4 4. Bg5 f6 5. Bb5+ c6 6. dxe5 fxg5 7. Be2 dxe4 8.
Nd4 Bxe2 9. Qxe2 Qxd4 10. e6 Qxb2 11. Qxe4 Qxa1 12. O-O Na6 13. Qd3 Rd8 14. Qf3
Nh6 15. Nc3 Qb2 16. h3 Qxc2 17. Ne4 Rd3 18. Nd6+ Rxd6 19. Re1 Be7 20. Qh5+ Kd8
21. a4 Rd1 22. Rxd1+ Kc7 23. Qf3 Rf8 24. Rd7+ 1-0

[Event "AUTO-OPEN-2245"]
[Site "http://www.queenalice.com/game.php?id=892627"]
[Date "2011.1.29"]
[Round "1"]
[White "estella"]
[Black "Nascimento"]
[Result "1-0"]
[WhiteElo "1334"]
[BlackElo "1393"]

1. e4 e5 2. d3 d5 3. Nc3 Be6 4. Be3 d4 5. Nb5 c5 6. Bd2 Nc6 7. Nf3 h6 8. Nd6+
Qxd6 9. c3 dxc3 10. bxc3 O-O-O 11. Be2 Nd4 12. cxd4 exd4 13. Ba5 b6 14. Bd2 Nf6
15. Nh4 Be7 16. Qb1 g5 17. Nf5 Bxf5 18. exf5 Nd5 19. O-O Nf4 20. Bxf4 Qxf4 21.
a4 Rd5 22. a5 Rxf5 23. axb6 axb6 24. Ra8+ Kd7 25. Qb5+ Ke6 26. Rxh8 Bd6 27.
Rxh6+ Rf6 28. Rxf6+ Kxf6 29. Qxb6 Kg7 30. g3 Qd2 31. Qxd6 Qxe2 32. Qxc5 Qxd3 33.
Qxg5+ Kf8 34. Rc1 Qg6 35. Qe5 d3 36. Rc8# 1-0

[Event "AUTO-OPEN-2245"]
[Site "http://www.queenalice.com/game.php?id=892628"]
[Date "2011.1.29"]
[Round "1"]
[White "Nascimento"]
[Black "estella"]
[Result "0-1"]
[WhiteElo "1386"]
[BlackElo "1526"]

1. e4 e5 2. d4 Bd6 3. d5 Nf6 4. Nc3 O-O 5. Bg5 h6 6. Bxf6 Qxf6 7. f3 c6 8. dxc6
Nxc6 9. Nd5 Qd8 10. Bb5 a6 11. Bxc6 dxc6 12. Ne3 Bc5 13. Nc4 b5 14. Nd6 Bxd6 15.
Ne2 Bd7 16. g4 Bb4+ 17. c3 Bc5 18. a3 Be6 19. Qxd8 Raxd8 20. Rd1 Rxd1+ 21. Kxd1
Rd8+ 22. Kc2 Kf8 23. b4 Be3 24. Rd1 Rxd1 25. Kxd1 g6 26. h4 f5 27. exf5 gxf5 28.
g5 hxg5 29. h5 Bf2 30. Nc1 c5 31. bxc5 Bxc5 32. h6 Bxa3 33. h7 Kg7 34. Nd3 Kxh7
35. Nxe5 g4 36. fxg4 fxg4 37. Nxg4 Bb2 38. Kd2 Ba3 39. Ne5 b4 40. cxb4 Bxb4+ 41.
Kc2 Bf5+ 42. Kb3 Bd6 43. Nc4 Bf4 44. Ka4 Bc2+ 45. Ka3 Kg7 46. Kb4 Bc7 0-1